01110nam a22002297a 4500003000900000005001700009007000300026008004100029020001800070040002500088041000800113082002100121100003600142245007300178260004300251300004000294500005700334500007600391505002000467505035600487651003700843DO-SdBNP20210628132611.0ta210525e2020 dr ac||gr|||| 001 0dspa d a9789945919394 aDO-SdBNPbspacBNPHU hspa 4a972.93bO77r222 aOrtiz Núñez, Dantes,d1957- aReflexiones en torno a nuestra historia /bDantes Ortíz Núñez. aSanto Domingo :bOcéano Azul,c2020. a293 p. :bil. fots., mapa ;c25 cm. aIncluye datos biográficos del autor en las solapas aIncluye referencias bibliográficas y notas al pie de las páginas.0 aPresentación.0 t1. Colonialismo.--t2. Duarte y el proceso de independencia.--t3. El caudillismo y su incidencia en la historia dominicana.--t4. La ocupación norteamericana.--t5. La dictadura de Trujillo.--t6. Período 1961 - 1965t7. Educación superior t8. Constitución y representatividad.--t9. Cabildos.--t10. Reflexiones sobre temas internacionales. 4aRepública DominicanaxHistoria